LEADER 00862nam0-22003131i-450- 001 990003161320403321 010 $a1-55786-108-0 035 $a000316132 035 $aFED01000316132 035 $a(Aleph)000316132FED01 035 $a000316132 100 $a20000920d1991----km-y0itay50------ba 101 0 $aita 102 $aIT 200 1 $aPortfolio Selection$eEfficient Diversification of Investiments$fHarry M.Markowitz. 205 $a2nd ed. 210 $aCambride$cBSSil Blackwell$d1991. 215 $aXVI, 384 p.$d23 cm 610 0 $aStati Uniti$aFinanza 676 $aJ/4.13 702 1$aMarkowitz,$bHarry Max$f<1927- > 801 0$aIT$bUNINA$gRICA$2UNIMARC 901 $aBK 912 $a990003161320403321 952 $aJ/4.13 MAR/N.A.$b10353$fSES 959 $aSES 996 $aPortfolio Selection$9459015 997 $aUNINA DB $aING01 LEADER 02012nam0 2200469 i 450 001 VAN0133634 005 20230619120837.258 017 70$2N$a9783319107530 100 $a20210415d2015 |0itac50 ba 101 $aeng 102 $aCH 105 $a|||| ||||| 200 1 $aHigh-Power Optics$eLasers and Applications$fVictor V. Apollonov 205 $aCham : Springer, 2015 210 $axv$d275 p.$cill. ; 24 cm 215 410 1$1001VAN0021015$12001 $aSpringer series in optical sciences$1210 $aBerlin [etc.]$cSpringer$v192 500 1$3VAN0134376$aHigh-Power Optics$91771586 606 $a78-XX$xOptics, electromagnetic theory [MSC 2020]$3VANC022356$2MF 606 $a00A79 (77-XX)$xPhysics [MSC 2020]$3VANC023182$2MF 606 $a78A60$xLasers, masers, optical bistability, nonlinear optics [MSC 2020]$3VANC029030$2MF 610 $aCapillar-porous Structures$9KW:K 610 $aHeat Transfer in Optical Devices$9KW:K 610 $aHigh Power Laser Systems$9KW:K 610 $aHigh-power Optics$9KW:K 610 $aHigh-repetition-rate Lasers Carriers$9KW:K 610 $aIntermetallic Optical Coatings$9KW:K 610 $aLaser Resonator Configurations$9KW:K 610 $aMono-module Disk Laser$9KW:K 610 $aMonolithic Laser Materials$9KW:K 610 $aPhase Grating$9KW:K 620 $aCH$dCham$3VANL001889 700 1$aApollonov$bVictor V.$3VANV107401$0792298 712 $aSpringer $3VANV108073$4650 801 $aIT$bSOL$c20240614$gRICA 856 4 $uhttp://doi.org/10.1007/978-3-319-10753-0$zE-book ? Accesso al full-text attraverso riconoscimento IP di Ateneo, proxy e/o Shibboleth 899 $aBIBLIOTECA DEL DIPARTIMENTO DI MATEMATICA E FISICA$1IT-CE0120$2VAN08 912 $fN 912 $aVAN0133634 950 $aBIBLIOTECA DEL DIPARTIMENTO DI MATEMATICA E FISICA$d08CONS e-book 2356 $e08eMF2356 20210415 996 $aHigh-Power Optics$91771586 997 $aUNICAMPANIA